000 01165nam a22003137a 4500
001 101
003 FISKH
005 20260420105013.0
008 230224b cb ||||| |||| 00| 0 eng d
040 _aDLC
_cDLC
_dDLC
_beng
050 0 0 _aPZ7.W6461
_bLo3
082 0 0 _a813.52
100 1 _aWilder, Laura Ingalls,
_d1867-1957.
245 1 4 _aThe long winter /
_cby Laura Ingalls Wilder ; illustrated by Garth Williams.
250 _aNewly illustrated, uniform ed.
260 _aNew York :
_bScholastic
_c1968
300 _aviii, 334 p. :
_bill. ;
_c21 cm.
520 _aAfter an October blizzard, Laura's family moves from the claim shanty into town for the winter, a winter that an Indian has predicted will be seven months of bad weather.
521 8 _a790
_bLexile
521 8 _aS
_bRaz-Plus
600 1 0 _aWilder, Laura Ingalls,
_d1867-1957
_vJuvenile fiction.
600 1 1 _aWilder, Laura Ingalls,
_d1867-1957
_xFiction.
650 1 _aFrontier and pioneer life
_xFiction.
650 1 _aFamily life
_xFiction.
650 1 _aBlizzards
_xFiction.
700 1 _aWilliams, Garth,
_eill.
906 _a7
_bcbc
_corignew
_d1
_encip
_f19
_gy-genrareb
942 _2ddc
_cBK
_n0
999 _c101
_d101